000 00381nam a2200145Ia 4500
005 20251222144837.0
008 251222s9999||||xx |||||||||||||| ||spa||
020 _a9.7899728329e+012
082 _a209.22/G86
100 _aGuerra Caminiti, Estrella
245 0 _aSanta Rosa de Lima:
250 _a1ra. ed.
264 _bPontificia Universidad Católica del Perú
942 _cLIB
999 _c21076
_d21076